000 00731nam a22001937a 4500
003 JO-AjAnu
005 20240708131045.0
008 240706b jo ||||| |||| 00| 0 ara d
040 _aJO-AjAnu
_cJO-AjAnu
041 _aeng
100 1 _aAlnatour ,Bara’ah Baha’
_966066
_eprepared
245 0 _aOn some Algebraic Aspects of Crossing Neutrosophic Subgroups /
_cPreparation Bara’ah Baha’ Alnatour ؛ Supervisor Anas Al-Masarwah
260 _c2024
300 _a69 paper
500 _aUniversity thesis (Master’s thesis in mathematics), Ajloun National University (Ajloun, Jordan), College of Science, 2024
650 7 0 _a Algebra
_93744
700 1 _aAl Masarwah، Anas
_966064
_esupervisor
942 _2lcc
_cTHS
_n0
999 _c33567
_d33567